Analýza bezpečnosti prevádzky na trati ŽSR z hľadiska vyskytujúcich sa nehôd

Gespeichert in:
Bibliographische Detailangaben
1. Verfasser: Botka, Maroš (Verfasst von)
Weitere Verfasser: Balog, Karol (Betreuung Doktorarbeit)
Format: Manuskript Buch
Sprache:Slowakisch
Veröffentlicht: 2019
Schlagworte:
Online-Zugang:http://is.stuba.sk/zp/portal_zp.pl?podrobnosti=139704
Tags: Tag hinzufügen
Keine Tags, Fügen Sie das erste Tag hinzu!

MARC

LEADER 00000ntm a22000003a 4500
001 stuzp74260
003 SK-STU
005 20190622211616.0
007 ta
008 150427s2015----xo-----f-mn---000-0-slo-d
040 |a STU  |b slo 
041 0 |a slo 
100 1 |a Botka, Maroš  |u 065000  |4 aut  |U MTF Materiálovotechnologická fakulta  |T MTF Ústav integrovanej bezpečnosti  |X 88402  |U M5000  |Y 85  |7 88402 
242 0 1 |a Analysis of traffic safety on ŽSR line in terms of occurrence of accidents  |y eng 
245 1 0 |a Analýza bezpečnosti prevádzky na trati ŽSR z hľadiska vyskytujúcich sa nehôd 
260 |c 2019 
650 4 |a zabezpečovacie zariadenia  |2 slo 
650 4 |a štatistika nehodovosti  |2 slo 
650 4 |a železničná trať  |2 slo 
650 4 |a nehoda  |2 slo 
650 4 |a accident  |2 eng 
650 4 |a railway  |2 eng 
650 4 |a security devices  |2 eng 
650 4 |a accident statistics  |2 eng 
700 1 |a Balog, Karol  |u 065200  |k Z1  |4 ths  |U MTF Ústav integrovanej bezpečnosti  |T MTF Katedra bezpečnostného inžinierstva  |X 243  |U M5200  |Y 192  |7 A000000243 
856 4 |u http://is.stuba.sk/zp/portal_zp.pl?podrobnosti=139704 
996 |c M* BP-8513  |l MMSKP  |s P  |a 0  |w stuzp74260_0001